Statistics for Country Tripoints - Complete list!

Click here to take the quiz!

General Stats

  • This quiz has been taken 474 times
  • The average score is 117 of 163

Answer Stats

_TRIPOINT% Correct
BBelgium; France; Luxembourg
92%
AArgentina; Brazil; Uruguay
92%
AAndorra; France; Spain
92%
FFrance; Italy; Switzerland
90%
AAustria; Liechtenstein; Switzerland
90%
BBelgium; Germany; Netherlands
89%
AAustria; Hungary; Slovenia
89%
AAustria; Hungary; Slovakia
89%
AAustria; Czech Republic; Germany
89%
AArgentina; Bolivia; Chile
89%
AArgentina; Brazil; Paraguay
88%
CChina; Mongolia; Russia
87%
BBrazil; Colombia; Venezuela
87%
CChina; India; Nepal
87%
AAustria; Italy; Switzerland
86%
BBelgium; Germany; Luxembourg
86%
CCzech Republic; Germany; Poland
85%
AAlbania; Greece; Macedonia
85%
BBelarus; Russia; Ukraine
85%
AAustria; Italy; Slovenia
85%
FFrance; Germany; Switzerland
85%
CChina; North Korea; Russia
85%
FFinland; Norway; Sweden
85%
AAfghanistan; Iran; Pakistan
84%
AAustria; Czech Republic; Slovakia
84%
BBrazil; Guyana; Suriname
84%
BBhutan; China; India
84%
BBrazil; Guyana; Venezuela
84%
FFrance; Germany; Luxembourg
84%
AArmenia; Azerbaijan; Georgia
84%
AAlbania; Kosovo; Montenegro
84%
AArgentina; Bolivia; Paraguay
84%
AAlgeria; Libya; Tunisia
84%
BBolivia; Brazil; Peru
83%
AAustria; Germany; Switzerland
83%
FFinland; Norway; Russia
83%
BBotswana; Namibia; South Africa
82%
AAfghanistan; China; Pakistan
82%
OOman; Saudi Arabia; Yemen
82%
AAlgeria; Mauritania; Morocco
82%
BBelize; Guatemala; Mexico
81%
BBolivia; Brazil; Paraguay
81%
BBrazil; Colombia; Peru
80%
AAlbania; Kosovo; Macedonia
80%
AArmenia; Azerbaijan; Iran
80%
AAlgeria; Mali; Mauritania
80%
CChina; Kazakhstan; Russia
79%
OOman; Saudi Arabia; United Arab Emirates
79%
AAfghanistan; Iran; Turkmenistan
78%
BBrazil; France; Suriname
78%
BBangladesh; Burma; India
78%
DDjibouti; Eritrea; Ethiopia
78%
BBurundi; Democratic Republic of the Congo; Rwanda
78%
CCambodia; Laos; Vietnam
78%
BBelarus; Latvia; Lithuania
78%
AAlgeria; Mali; Niger
78%
AAzerbaijan; Georgia; Russia
77%
BBenin; Burkina Faso; Togo
77%
DDjibouti; Ethiopia; Somalia
77%
AArmenia; Azerbaijan; Turkey
77%
BBolivia; Chile; Peru
77%
BBosnia and Herzegovina; Croatia; Serbia
77%
AAlgeria; Libya; Niger
77%
EEstonia; Latvia; Russia
77%
CCambodia; Laos; Thailand
76%
CColombia; Ecuador; Peru
76%
AAngola; Namibia; Zambia
76%
EEgypt; Libya; Sudan
75%
EEl Salvador; Guatemala; Honduras
75%
BBotswana; Zambia; Zimbabwe
75%
BBotswana; South Africa; Zimbabwe
75%
AAfghanistan; Turkmenistan; Uzbekistan
75%
AArmenia; Georgia; Turkey
75%
MMozambique; South Africa; Swaziland
75%
BBelarus; Lithuania; Poland
75%
CCzech Republic; Poland; Slovakia
75%
BBurma; China; India
75%
CChina; India; Pakistan
75%
IIraq; Syria; Turkey
73%
AAngola; Democratic Republic of the Congo; Zambia
73%
BBelarus; Latvia; Russia
73%
BBulgaria; Greece; Turkey
73%
BBurkina Faso; Ghana; Togo
73%
BBelarus; Poland; Ukraine
73%
BBurma; China; Laos
73%
IIraq; Kuwait; Saudi Arabia
72%
BBurkina Faso; Cote d'Ivoire; Ghana
72%
BBurundi; Rwanda; Tanzania
72%
CChina; Laos; Vietnam
72%
AAfghanistan; China; Tajikistan
72%
BBurma; Laos; Thailand
71%
BBosnia and Herzegovina; Montenegro; Serbia
70%
AAfghanistan; Tajikistan; Uzbekistan
70%
CChina; Kyrgyzstan; Tajikistan
70%
BBosnia and Herzegovina; Croatia; Montenegro
70%
CChina; Kazakhstan; Kyrgyzstan
70%
AAngola; Democratic Republic of the Congo; Republic of the Congo
70%
EEritrea; Ethiopia; Sudan
70%
CCroatia; Hungary; Slovenia
70%
BBulgaria; Greece; Macedonia
69%
BBenin; Burkina Faso; Niger
69%
AAzerbaijan; Iran; Turkey
69%
AAzerbaijan; Iran; Turkmenistan
69%
BBotswana; Namibia; Zambia
68%
EEthiopia; South Sudan; Sudan
68%
IIsrael; Lebanon; Syria
68%
BBulgaria; Romania; Serbia
68%
IIran; Iraq; Turkey
68%
EEthiopia; Kenya; Somalia
66%
BBurundi; Democratic Republic of the Congo; Tanzania
66%
CCroatia; Hungary; Serbia
65%
CCentral African Republic; Democratic Republic of the Congo; Republic of the Congo
65%
GGuinea; Guinea-Bissau; Senegal
65%
CCameroon; Chad; Nigeria
65%
CCameroon; Equatorial Guinea; Gabon
65%
BBurkina Faso; Mali; Niger
65%
MMozambique; South Africa; Zimbabwe
65%
CChad; Niger; Nigeria
65%
CChad; Libya; Sudan
64%
MMalawi; Mozambique; Tanzania
63%
CCameroon; Central African Republic; Chad
63%
KKenya; Tanzania; Uganda
63%
BBulgaria; Macedonia; Serbia
63%
CChad; Libya; Niger
62%
CCentral African Republic; South Sudan; Sudan
62%
BBenin; Niger; Nigeria
62%
GGuinea; Liberia; Sierra Leone
62%
BBurkina Faso; Cote d'Ivoire; Mali
62%
MMalawi; Mozambique; Zambia
61%
IIsrael; Jordan; Syria
61%
MMozambique; Zambia; Zimbabwe
61%
KKosovo; Montenegro; Serbia
61%
IIraq; Jordan; Saudi Arabia
61%
HHungary; Romania; Serbia
61%
KKazakhstan; Turkmenistan; Uzbekistan
60%
KKosovo; Macedonia; Serbia
60%
KKazakhstan; Kyrgyzstan; Uzbekistan
60%
KKyrgyzstan; Tajikistan; Uzbekistan
59%
IIraq; Jordan; Syria
59%
CCameroon; Gabon; Republic of the Congo
59%
CCentral African Republic; Democratic Republic of the Congo; South Sudan
57%
CCentral African Republic; Chad; Sudan
57%
RRwanda; Tanzania; Uganda
57%
KKenya; South Sudan; Uganda
57%
DDemocratic Republic of the Congo; Rwanda; Uganda
57%
CCameroon; Central African Republic; Republic of the Congo
56%
MMalawi; Tanzania; Zambia
56%
HHungary; Slovakia; Ukraine
56%
HHungary; Romania; Ukraine
56%
EEthiopia; Kenya; South Sudan
56%
MMoldova; Romania; Ukraine
55%
GGuinea; Mali; Senegal
54%
DDemocratic Republic of the Congo; South Sudan; Uganda
53%
PPoland; Slovakia; Ukraine
49%
CCote d'Ivoire; Guinea; Liberia
48%
AAzerbaijan; Kazakhstan; Turkmenistan
47%
LLithuania; Poland; Russia
46%
AAzerbaijan; Kazakhstan; Russia
46%
CCote d'Ivoire; Guinea; Mali
44%
MMali; Mauritania; Senegal
42%
DDemocratic Republic of the Congo; Tanzania; Zambia
39%

Score Distribution

Percentile by Number Answered

Percent of People with Each Score

Your Score History

You have not taken this quiz